Популярные российские сериалы 1990-2010 - Statistics

General Stats
  • This quiz has been taken 221 times
    76 since last reset
  • The average score is 6 of 20
Answer Stats
Годы создания Сериал % Correct
2008-2011 Универ
77%
2010-2016 Интерны
58%
2007-2013 Папины дочки
56%
2009-2019 Воронины
55%
2012-2016 Кухня
48%
2004-2009 Солдаты
32%
2004-2009 Моя прекрасная няня
30%
2008-2021 Сваты
25%
2008-2014 Ранетки
25%
1998-2019 Улицы разбитых фонарей
24%
2016-2017 Отель Элеон
23%
2006-2007 Кадетство
20%
2005-2006 Не родись красивой
17%
2014-2017 Физрук
17%
2006-2011 Наша Раша
14%
2010 Школа
13%
2014-2019 Чернобыль
11%
1974-н.в Ералаш
10%
2016-2019 Полицейский с рублёвки
8%
2011-2016 Восьмидесятые
3%
No matching quizzes found
Score Distribution
Percent of People with Each Score
Percentile by Number Answered
Your Score History
You have not taken this quiz since the last reset